000 00692pam a2200229 a 4500
001 1896538
005 20171218115134.0
008 840724s1985 txua 001 0 eng
010 _a 84015769
020 _a0872011909
040 _aDLC
_cDLC
_dDLC
050 0 0 _aTJ919
_b.L52 1985
082 0 0 _a621.67
_222
_bLAB
100 1 _aLobanoff, Val S.,
_d1910-
_97208
245 1 0 _aCentrifugal Pumps :
_bDesign and Aplication /
_cVal S. Lobanoff, Robert R. Ross.
260 _aHouston, Tex. :
_bGulf Pub. Co.,
_cc1985.
300 _ax, 374 p. :
_bill. ;
_c25 cm.
500 _aIncludes index.
650 0 _97209
_aCentrifugal pumps
700 1 _aRoss, Robert R.,
_d1934-
_97210
942 _2ddc
_cBB
999 _c12109
_d12109